Candidats aux élections présidentielles (Ve République) - Statistiques

Statistiques générales
  • Ce quiz a été pris 2 120 fois
  • Le résultat moyen est 55 sur 105
Statistiques - réponses
Election Candidat % Correct
Jean-Marie Le Pen
98%
Marine Le Pen
98%
2017 Emmanuel Macron
97%
François Mitterrand
96%
Jacques Chirac
96%
2007 Nicolas Sarkozy
96%
1958 | 1965 Charles de Gaulle
95%
2012 François Hollande
95%
1974 Valéry Giscard d'Estaing
91%
Jean-Luc Mélenchon
90%
1969 Georges Pompidou
89%
Philippe Poutou
86%
Ségolène Royal
85%
François Fillon
84%
Lionel Jospin
83%
Nathalie Arthaud
76%
Benoît Hamon
73%
Jean Lassalle
70%
Nicolas Dupont-Aignan
68%
François Bayrou
67%
Arlette Laguiller
63%
François Asselineau
63%
Edouard Balladur
60%
Jacques Cheminade
60%
Eva Joly
54%
Olivier Besancenot
53%
Alain Poher
51%
Christiane Taubira
50%
Georges Marchais
46%
Robert Hue
44%
Jacques Chaban-Delmas
42%
Jean-Pierre Chevènement
38%
Noël Mamère
37%
Philippe de Villiers
36%
Raymond Barre
34%
Michel Rocard
33%
Michel Debré
30%
Dominique Voynet
29%
Marie-George Buffet
28%
José Bové
27%
Bruno Mégret
26%
Alain Krivine
22%
Jean Lecanuet
22%
Christine Boutin
21%
Gérard Schivardi
20%
Alain Madelin
19%
Gaston Defferre
19%
Jean-Louis Tixier-Vignancour
19%
Jean Saint-Josse
19%
René Dumont
19%
Frédéric Nihous
17%
Jecques Duclos
17%
Brice Lalonde
16%
Corinne Lepage
16%
Antoine Waechter
15%
Daniel Gluckstein
14%
André Lajoinie
12%
Marie-France Garaud
12%
Marcel Barbu
10%
Huguette Bouchardeau
9%
Jean Royer
8%
Pierre Juquin
8%
Albert Châtelet
7%
Georges Marrane
7%
Michel Crépeau
7%
Pierre Boussel
7%
Bertrand Renouvin
6%
Emile Muller
6%
Guy Héraud
6%
Jean-Claude Sebag
6%
Louis Ducatel
5%
Pierre Marcilhacy
5%
Aucun quiz correspondant
Distribution des résultats
% des personnes avec chaque résultat
Percentile par nombre de réponses
Votre historique - résultats
Vous n’avez pas pris ce quiz